00443nam a2200169Ia 4500008004100000041001200041082001200053100002000065245004300085365000800128520001300136546001200149630004300161650001300204655001300217730004300230101110s9999 xx 000 0 und d aENGLISH bSR22149 aBalagurusamy E. aObject - Oriented programming with C++ b115 aComputer aENGLISH aObject - Oriented programming with C++ aComputer aComputer aObject - Oriented programming with C++